[Event "ODJM C 2023"]
[Site "Willingen GER"]
[Date "2023.05.31"]
[Round "5"]
[White "Türel, Tugce"]
[Black "Hellmann, Alexander"]
[Result "1-0"]
[Termination "normal"]
[Board "14"]
[WhiteElo "1249"]
[BlackElo "1156"]
[WhiteClock "00:22:21"]
[BlackClock "00:56:10"]
[PlyCount "151"]
[WhiteFideId "26350602"]
[BlackFideId "34612050"]
[EventCountry "GER"]
[EventRounds "9"]
[EventType "swiss"]
[EventDate "2023.05.27"]

1. e4 {[%clk 01:30:58]} e5 {[%clk 01:30:39]} {[%emt 00:00:21]} 2. Nf3 {[%clk
01:31:23]} {[%emt 00:00:06]} Nc6 {[%clk 01:30:58]} {[%emt 00:00:10]} 3. Bc4
{[%clk 01:31:47]} {[%emt 00:00:06]} Bc5 {[%clk 01:31:15]} {[%emt 00:00:13]} 4.
c3 {[%clk 01:32:09]} {[%emt 00:00:08]} Nf6 {[%clk 01:31:29]} {[%emt 00:00:16]}
5. d3 {[%clk 01:31:39]} {[%emt 00:01:00]} O-O {[%clk 01:31:42]} {[%emt
00:00:17]} 6. O-O {[%clk 01:31:55]} {[%emt 00:00:14]} d6 {[%clk 01:31:34]}
{[%emt 00:00:38]} 7. a4 {[%clk 01:32:10]} {[%emt 00:00:15]} a5 {[%clk
01:29:50]} {[%emt 00:02:14]} 8. Bb3 {[%clk 01:32:18]} {[%emt 00:00:22]} Be6
{[%clk 01:29:45]} {[%emt 00:00:35]} 9. Bc2 {[%clk 01:32:34]} {[%emt 00:00:13]}
Qd7 {[%clk 01:29:34]} {[%emt 00:00:41]} 10. d4 {[%clk 01:32:49]} {[%emt
00:00:16]} exd4 {[%clk 01:29:23]} {[%emt 00:00:41]} 11. cxd4 {[%clk 01:32:22]}
{[%emt 00:00:57]} Bc4 {[%clk 01:27:45]} {[%emt 00:02:07]} 12. dxc5 {[%clk
01:30:42]} {[%emt 00:02:11]} Bxf1 {[%clk 01:27:59]} {[%emt 00:00:16]} 13. Kxf1
{[%clk 01:29:36]} {[%emt 00:01:36]} dxc5 {[%clk 01:26:31]} {[%emt 00:01:58]}
14. Qxd7 {[%clk 01:28:37]} {[%emt 00:01:29]} Nxd7 {[%clk 01:26:54]} {[%emt
00:00:08]} 15. Bf4 {[%clk 01:28:38]} {[%emt 00:00:28]} Rac8 {[%clk 01:23:54]}
{[%emt 00:03:30]} 16. Nc3 {[%clk 01:25:32]} {[%emt 00:03:36]} Nd4 {[%clk
01:21:12]} {[%emt 00:03:12]} 17. Nxd4 {[%clk 01:22:49]} {[%emt 00:03:13]} cxd4
{[%clk 01:20:50]} {[%emt 00:00:52]} 18. Nd5 {[%clk 01:22:20]} {[%emt 00:01:00]}
Kh8 {[%clk 01:17:23]} {[%emt 00:03:56]} 19. Nxc7 {[%clk 01:02:22]} {[%emt
00:20:28]} Rxc7 {[%clk 01:14:55]} {[%emt 00:02:58]} 20. Bxc7 {[%clk 01:01:23]}
{[%emt 00:01:29]} Rc8 {[%clk 01:15:20]} {[%emt 00:00:05]} 21. Bxa5 {[%clk
00:58:39]} {[%emt 00:03:14]} Rxc2 {[%clk 01:15:42]} {[%emt 00:00:06]} 22. Rd1
{[%clk 00:58:33]} {[%emt 00:00:36]} Rxb2 {[%clk 01:13:54]} {[%emt 00:02:19]}
23. Rxd4 {[%clk 00:58:28]} {[%emt 00:00:35]} Rb1+ {[%clk 01:13:32]} {[%emt
00:00:52]} 24. Ke2 {[%clk 00:58:03]} {[%emt 00:00:54]} Rb2+ {[%clk 01:13:44]}
{[%emt 00:00:18]} 25. Ke3 {[%clk 00:39:23]} {[%emt 00:19:10]} Nf6 {[%clk
01:11:07]} {[%emt 00:03:07]} 26. Rd8+ {[%clk 00:37:08]} {[%emt 00:02:45]} Ng8
{[%clk 01:11:30]} {[%emt 00:00:07]} 27. Bc3 {[%clk 00:35:16]} {[%emt 00:02:22]}
Rc2 {[%clk 01:10:49]} {[%emt 00:01:11]} 28. Bd4 {[%clk 00:34:21]} {[%emt
00:01:24]} Ra2 {[%clk 01:05:05]} {[%emt 00:06:15]} 29. Rd7 {[%clk 00:34:16]}
{[%emt 00:00:34]} Ra3+ {[%clk 01:05:31]} {[%emt 00:00:05]} 30. Kf4 {[%clk
00:33:45]} {[%emt 00:01:01]} Rxa4 {[%clk 01:05:50]} {[%emt 00:00:11]} 31. Bb6
{[%clk 00:33:35]} {[%emt 00:00:39]} Rxe4+ {[%clk 01:05:13]} {[%emt 00:01:08]}
32. Kf3 {[%clk 00:31:02]} {[%emt 00:03:02]} Re7 {[%clk 01:05:23]} {[%emt
00:00:21]} 33. Rd8 {[%clk 00:20:30]} {[%emt 00:11:02]} h6 {[%clk 01:05:02]}
{[%emt 00:00:51]} 34. Bc5 {[%clk 00:20:42]} {[%emt 00:00:18]} Rc7 {[%clk
01:04:36]} {[%emt 00:00:57]} 35. Bd6 {[%clk 00:17:55]} {[%emt 00:03:16]} Rc6
{[%clk 01:04:45]} {[%emt 00:00:22]} 36. Bb4 {[%clk 00:13:42]} {[%emt 00:04:42]}
f6 {[%clk 00:45:27]} {[%emt 00:19:48]} 37. Rd7 {[%clk 00:12:16]} {[%emt
00:01:55]} Rb6 {[%clk 00:43:18]} {[%emt 00:02:39]} 38. Bf8 {[%clk 00:12:06]}
{[%emt 00:00:41]} Rb3+ {[%clk 00:39:43]} {[%emt 00:04:05]} 39. Kg4 {[%clk
00:10:13]} {[%emt 00:02:18]} h5+ {[%clk 00:26:46]} {[%emt 00:13:33]} 40. Kxh5
{[%clk 00:09:07]} {[%emt 00:01:35]} Rb5+ {[%clk 00:26:44]} {[%emt 00:00:32]}
41. Kh4 {[%clk 00:05:53]} {[%emt 00:03:43]} g5+ {[%clk 00:26:20]} {[%emt
00:00:56]} 42. Kh5 {[%clk 00:05:31]} {[%emt 00:00:52]} g4+ {[%clk 00:26:33]}
{[%emt 00:00:17]} 43. Kxg4 {[%clk 00:05:40]} {[%emt 00:00:21]} Rg5+ {[%clk
00:26:57]} {[%emt 00:00:06]} 44. Kf3 {[%clk 00:27:09]} {[%emt 00:09:01]} b5
{[%clk 00:54:56]} {[%emt 00:02:31]} 45. Rb7 {[%clk 00:24:45]} {[%emt 00:02:54]}
Rf5+ {[%clk 00:54:07]} {[%emt 00:01:20]} 46. Ke3 {[%clk 00:24:29]} {[%emt
00:00:45]} Re5+ {[%clk 00:54:13]} {[%emt 00:00:25]} 47. Kf4 {[%clk 00:24:07]}
{[%emt 00:00:51]} Rg5 {[%clk 00:53:47]} {[%emt 00:00:56]} 48. g3 {[%clk
00:23:33]} {[%emt 00:01:05]} b4 {[%clk 00:52:57]} {[%emt 00:01:20]} 49. Rxb4
{[%clk 00:22:18]} {[%emt 00:01:45]} Kh7 {[%clk 00:53:19]} {[%emt 00:00:08]} 50.
Rb7+ {[%clk 00:22:34]} {[%emt 00:00:13]} Kh8 {[%clk 00:53:03]} {[%emt
00:00:46]} 51. h4 {[%clk 00:22:41]} {[%emt 00:00:22]} Rh5 {[%clk 00:52:50]}
{[%emt 00:00:44]} 52. Bg7+ {[%clk 00:22:24]} {[%emt 00:00:47]} Kh7 {[%clk
00:53:15]} {[%emt 00:00:05]} 53. Bxf6+ {[%clk 00:22:39]} {[%emt 00:00:15]} Kg6
{[%clk 00:53:41]} {[%emt 00:00:04]} 54. Bg5 {[%clk 00:19:17]} {[%emt 00:03:52]}
Rh7 {[%clk 00:52:57]} {[%emt 00:01:14]} 55. Rb6+ {[%clk 00:19:04]} {[%emt
00:00:43]} Kg7 {[%clk 00:52:54]} {[%emt 00:00:33]} 56. Rb7+ {[%clk 00:18:59]}
{[%emt 00:00:35]} Kh8 {[%clk 00:52:51]} {[%emt 00:00:33]} 57. Rxh7+ {[%clk
00:19:11]} {[%emt 00:00:18]} Kxh7 {[%clk 00:53:15]} {[%emt 00:00:06]} 58. h5
{[%clk 00:19:16]} {[%emt 00:00:25]} Kh8 {[%clk 00:53:29]} {[%emt 00:00:16]} 59.
Kf5 {[%clk 00:19:20]} {[%emt 00:00:25]} Kh7 {[%clk 00:53:42]} {[%emt 00:00:18]}
60. g4 {[%clk 00:18:49]} {[%emt 00:01:01]} Kh8 {[%clk 00:53:35]} {[%emt
00:00:37]} 61. Kg6 {[%clk 00:18:51]} {[%emt 00:00:28]} Nh6 {[%clk 00:53:13]}
{[%emt 00:00:52]} 62. Kxh6 {[%clk 00:19:00]} {[%emt 00:00:21]} Kg8 {[%clk
00:53:38]} {[%emt 00:00:06]} 63. Bf6 {[%clk 00:19:05]} {[%emt 00:00:24]} Kf7
{[%clk 00:53:56]} {[%emt 00:00:12]} 64. g5 {[%clk 00:19:23]} {[%emt 00:00:12]}
Kg8 {[%clk 00:54:15]} {[%emt 00:00:12]} 65. g6 {[%clk 00:19:39]} {[%emt
00:00:12]} Kf8 {[%clk 00:54:36]} {[%emt 00:00:10]} 66. Kh7 {[%clk 00:19:54]}
{[%emt 00:00:15]} Ke8 {[%clk 00:54:51]} {[%emt 00:00:15]} 67. g7 {[%clk
00:20:16]} {[%emt 00:00:07]} Kf7 {[%clk 00:55:17]} {[%emt 00:00:05]} 68. g8=Q+
{[%clk 00:20:34]} {[%emt 00:00:12]} Kxf6 {[%clk 00:55:38]} {[%emt 00:00:09]}
69. Qe8 {[%clk 00:20:47]} {[%emt 00:00:15]} Kg5 {[%clk 00:55:53]} {[%emt
00:00:16]} 70. Qe5+ {[%clk 00:20:53]} {[%emt 00:00:25]} Kg4 {[%clk 00:55:31]}
{[%emt 00:00:53]} 71. Kg6 {[%clk 00:21:08]} {[%emt 00:00:13]} Kf3 {[%clk
00:55:41]} {[%emt 00:00:20]} 72. Kg5 {[%clk 00:21:25]} {[%emt 00:00:13]} Kg2
{[%clk 00:55:41]} {[%emt 00:00:31]} 73. Kg4 {[%clk 00:21:31]} {[%emt 00:00:24]}
Kh1 {[%clk 00:55:49]} {[%emt 00:00:21]} 74. Qe2 {[%clk 00:21:38]} {[%emt
00:00:23]} Kg2 {[%clk 00:55:58]} {[%emt 00:00:21]} 75. f4+ {[%clk 00:22:02]}
{[%emt 00:00:05]} Kh1 {[%clk 00:56:10]} {[%emt 00:00:18]} 76. Kg3 {[%clk
00:22:21]} {[%emt 00:00:09]} 1-0

[Event "ODJM C 2023"]
[Site "Willingen GER"]
[Date "2023.05.31"]
[Round "5"]
[White "Wissing, Lars"]
[Black "Börner, Eric"]
[Result "1/2-1/2"]
[Termination "normal"]
[Board "15"]
[WhiteElo "1128"]
[BlackElo "1287"]
[WhiteClock "00:57:00"]
[BlackClock "00:28:56"]
[PlyCount "76"]
[WhiteFideId "34660593"]
[BlackFideId "34608362"]
[EventCountry "GER"]
[EventRounds "9"]
[EventType "swiss"]
[EventDate "2023.05.27"]

1. d4 {[%clk 01:30:58]} {[%emt 00:00:01]} e6 {[%clk 01:30:55]} {[%emt
00:00:05]} 2. Nf3 {[%clk 01:31:21]} {[%emt 00:00:07]} c5 {[%clk 01:30:52]}
{[%emt 00:00:33]} 3. c3 {[%clk 01:31:41]} {[%emt 00:00:10]} d5 {[%clk
01:31:00]} {[%emt 00:00:22]} 4. Bf4 {[%clk 01:32:02]} {[%emt 00:00:09]} Nc6
{[%clk 01:31:12]} {[%emt 00:00:18]} 5. e3 {[%clk 01:32:20]} {[%emt 00:00:12]}
Qb6 {[%clk 01:30:46]} {[%emt 00:00:56]} 6. Qc2 {[%clk 01:31:43]} {[%emt
00:01:07]} Nf6 {[%clk 01:29:51]} {[%emt 00:01:24]} 7. Nbd2 {[%clk 01:31:56]}
{[%emt 00:00:18]} g6 {[%clk 01:24:58]} {[%emt 00:05:23]} 8. Bd3 {[%clk
01:30:18]} {[%emt 00:02:08]} c4 {[%clk 01:24:51]} {[%emt 00:00:36]} 9. Be2
{[%clk 01:30:43]} {[%emt 00:00:05]} Bg7 {[%clk 01:24:10]} {[%emt 00:01:11]} 10.
b3 {[%clk 01:31:05]} {[%emt 00:00:08]} cxb3 {[%clk 01:20:10]} {[%emt 00:04:31]}
11. axb3 {[%clk 01:30:39]} {[%emt 00:00:56]} O-O {[%clk 01:18:41]} {[%emt
00:01:59]} 12. O-O {[%clk 01:30:59]} {[%emt 00:00:09]} Re8 {[%clk 01:16:58]}
{[%emt 00:02:13]} 13. Rab1 {[%clk 01:31:14]} {[%emt 00:00:14]} Bd7 {[%clk
01:13:29]} {[%emt 00:04:00]} 14. c4 {[%clk 01:30:17]} {[%emt 00:01:27]} Nb4
{[%clk 01:08:32]} {[%emt 00:05:27]} 15. Qc3 {[%clk 01:27:03]} {[%emt 00:03:43]}
a5 {[%clk 01:08:47]} {[%emt 00:00:16]} 16. c5 {[%clk 01:26:30]} {[%emt
00:01:03]} Qc6 {[%clk 01:08:03]} {[%emt 00:01:14]} 17. Ne5 {[%clk 01:26:48]}
{[%emt 00:00:11]} Qc8 {[%clk 01:07:38]} {[%emt 00:00:56]} 18. Ndf3 {[%clk
01:23:19]} {[%emt 00:03:58]} Ne4 {[%clk 01:04:45]} {[%emt 00:03:24]} 19. Qb2
{[%clk 01:21:19]} {[%emt 00:02:28]} Qd8 {[%clk 00:56:26]} {[%emt 00:08:50]} 20.
Nd3 {[%clk 01:20:00]} {[%emt 00:01:49]} Nc6 {[%clk 00:52:16]} {[%emt 00:04:41]}
21. Nd2 {[%clk 01:15:16]} {[%emt 00:05:13]} Bc8 {[%clk 00:49:29]} {[%emt
00:03:17]} 22. Bf3 {[%clk 01:13:54]} {[%emt 00:01:51]} Nxd2 {[%clk 00:46:33]}
{[%emt 00:03:28]} 23. Qxd2 {[%clk 01:13:37]} {[%emt 00:00:46]} Re7 {[%clk
00:38:52]} {[%emt 00:08:11]} 24. Bg5 {[%clk 01:12:38]} {[%emt 00:01:27]} f6
{[%clk 00:39:13]} {[%emt 00:00:11]} 25. Bf4 {[%clk 01:12:30]} {[%emt 00:00:37]}
b6 {[%clk 00:38:57]} {[%emt 00:00:47]} 26. Bd6 {[%clk 01:11:43]} {[%emt
00:01:17]} Re8 {[%clk 00:36:58]} {[%emt 00:02:30]} 27. b4 {[%clk 01:11:13]}
{[%emt 00:01:01]} axb4 {[%clk 00:36:00]} {[%emt 00:01:28]} 28. Nxb4 {[%clk
01:11:33]} {[%emt 00:00:10]} Nxb4 {[%clk 00:36:17]} {[%emt 00:00:14]} 29. Qxb4
{[%clk 01:11:52]} {[%emt 00:00:09]} bxc5 {[%clk 00:36:14]} {[%emt 00:00:35]}
30. Bxc5 {[%clk 01:09:56]} {[%emt 00:02:26]} Qa5 {[%clk 00:32:14]} {[%emt
00:04:29]} 31. e4 {[%clk 01:04:15]} {[%emt 00:06:11]} Qxb4 {[%clk 00:31:40]}
{[%emt 00:01:05]} 32. Rxb4 {[%clk 01:04:22]} {[%emt 00:00:23]} dxe4 {[%clk
00:30:58]} {[%emt 00:01:11]} 33. Bxe4 {[%clk 01:04:45]} {[%emt 00:00:06]} Ra2
{[%clk 00:31:05]} {[%emt 00:00:22]} 34. Bc6 {[%clk 01:04:54]} {[%emt 00:00:22]}
Rd8 {[%clk 00:27:37]} {[%emt 00:03:59]} 35. Be7 {[%clk 01:03:44]} {[%emt
00:01:39]} Bf8 {[%clk 00:28:02]} {[%emt 00:00:06]} 36. Bxd8 {[%clk 01:02:42]}
{[%emt 00:01:32]} Bxb4 {[%clk 00:28:26]} {[%emt 00:00:06]} 37. Bxf6 {[%clk
01:02:53]} {[%emt 00:00:19]} Ba6 {[%clk 00:28:45]} {[%emt 00:00:10]} 38. Rd1
{[%clk 00:57:00]} {[%emt 00:06:23]} Be2 {[%clk 00:28:56]} {[%emt 00:00:20]}
1/2-1/2

[Event "ODJM C 2023"]
[Site "Willingen GER"]
[Date "2023.05.31"]
[Round "5"]
[White "Classen, Miguel"]
[Black "Grunert, Greta"]
[Result "0-1"]
[Termination "normal"]
[Board "16"]
[WhiteElo "1200"]
[BlackElo "1100"]
[WhiteClock "01:33:23"]
[BlackClock "00:35:07"]
[PlyCount "142"]
[WhiteFideId "34623825"]
[BlackFideId "16258649"]
[EventCountry "GER"]
[EventRounds "9"]
[EventType "swiss"]
[EventDate "2023.05.27"]

1. e4 {[%clk 01:30:59]} {[%emt 00:04:02]} c6 {[%clk 01:30:54]} {[%emt
00:00:07]} 2. d4 {[%clk 01:31:24]} {[%emt 00:00:05]} d5 {[%clk 01:31:18]}
{[%emt 00:00:05]} 3. Nc3 {[%clk 01:31:48]} {[%emt 00:00:07]} dxe4 {[%clk
01:31:41]} {[%emt 00:00:07]} 4. Nxe4 {[%clk 01:32:12]} {[%emt 00:00:06]} Bf5
{[%clk 01:32:02]} {[%emt 00:00:09]} 5. Bd3 {[%clk 01:32:30]} {[%emt 00:00:12]}
Qxd4 {[%clk 01:31:55]} {[%emt 00:00:37]} 6. Nf3 {[%clk 01:32:28]} {[%emt
00:00:32]} Qd5 {[%clk 01:30:02]} {[%emt 00:02:02]} 7. Nc3 {[%clk 01:32:48]}
{[%emt 00:00:31]} Qd7 {[%clk 01:29:15]} {[%emt 00:00:52]} 8. Bxf5 {[%clk
01:32:58]} {[%emt 00:00:46]} Qxf5 {[%clk 01:29:15]} {[%emt 00:00:29]} 9. Be3
{[%clk 01:33:12]} {[%emt 00:00:16]} Nf6 {[%clk 01:29:03]} {[%emt 00:00:42]} 10.
O-O {[%clk 01:33:29]} {[%emt 00:00:13]} Qd7 {[%clk 01:28:23]} {[%emt 00:00:57]}
11. Qe2 {[%clk 01:33:51]} {[%emt 00:00:22]} e6 {[%clk 01:27:54]} {[%emt
00:00:59]} 12. Rad1 {[%clk 01:34:00]} {[%emt 00:00:20]} Qc8 {[%clk 01:27:24]}
{[%emt 00:00:46]} 13. Rfe1 {[%clk 01:32:18]} {[%emt 00:02:27]} Bb4 {[%clk
01:26:01]} {[%emt 00:01:44]} 14. Rd3 {[%clk 01:31:06]} {[%emt 00:01:52]} O-O
{[%clk 01:25:22]} {[%emt 00:01:08]} 15. Red1 {[%clk 01:31:06]} {[%emt
00:00:30]} Nbd7 {[%clk 01:23:27]} {[%emt 00:02:25]} 16. g4 {[%clk 01:30:35]}
{[%emt 00:01:00]} Bxc3 {[%clk 01:22:47]} {[%emt 00:01:11]} 17. bxc3 {[%clk
01:30:52]} {[%emt 00:00:14]} Nb6 {[%clk 01:21:42]} {[%emt 00:01:35]} 18. Bg5
{[%clk 01:30:43]} {[%emt 00:00:38]} Nxg4 {[%clk 01:19:27]} {[%emt 00:02:44]}
19. Rd8 {[%clk 01:28:17]} {[%emt 00:02:56]} Qc7 {[%clk 01:19:05]} {[%emt
00:00:53]} 20. Rxf8+ {[%clk 01:27:16]} {[%emt 00:01:31]} Rxf8 {[%clk 01:17:40]}
{[%emt 00:01:55]} 21. Qe4 {[%clk 01:26:57]} {[%emt 00:00:47]} h5 {[%clk
01:12:13]} {[%emt 00:05:57]} 22. Bc1 {[%clk 01:26:29]} {[%emt 00:00:58]} Nd5
{[%clk 01:09:10]} {[%emt 00:03:34]} 23. Qd4 {[%clk 01:25:20]} {[%emt 00:01:32]}
Qa5 {[%clk 01:05:06]} {[%emt 00:04:25]} 24. Bb2 {[%clk 01:25:14]} {[%emt
00:00:52]} a6 {[%clk 00:58:22]} {[%emt 00:07:14]} 25. c4 {[%clk 01:25:11]}
{[%emt 00:00:33]} Ndf6 {[%clk 00:58:08]} {[%emt 00:00:17]} 26. h3 {[%clk
01:24:50]} {[%emt 00:01:17]} Nh6 {[%clk 00:57:43]} {[%emt 00:00:54]} 27. Bc1
{[%clk 01:25:04]} {[%emt 00:00:18]} Qf5 {[%clk 00:54:58]} {[%emt 00:03:09]} 28.
Nh4 {[%clk 01:25:04]} {[%emt 00:00:35]} Qxh3 {[%clk 00:52:54]} {[%emt
00:02:35]} 29. Bxh6 {[%clk 01:25:08]} {[%emt 00:00:25]} Kh7 {[%clk 00:49:57]}
{[%emt 00:03:27]} 30. Bg5 {[%clk 01:24:17]} {[%emt 00:01:18]} e5 {[%clk
00:46:43]} {[%emt 00:03:47]} 31. Qd3+ {[%clk 01:24:26]} {[%emt 00:00:21]} Qxd3
{[%clk 00:45:12]} {[%emt 00:02:00]} 32. cxd3 {[%clk 01:24:39]} {[%emt
00:00:18]} Nd7 {[%clk 00:44:32]} {[%emt 00:01:04]} 33. Nf3 {[%clk 01:24:50]}
{[%emt 00:00:23]} f6 {[%clk 00:44:36]} {[%emt 00:00:28]} 34. Bh4 {[%clk
01:25:10]} {[%emt 00:00:10]} g5 {[%clk 00:44:26]} {[%emt 00:00:41]} 35. Bg3
{[%clk 01:25:30]} {[%emt 00:00:10]} h4 {[%clk 00:44:50]} {[%emt 00:00:07]} 36.
Bh2 {[%clk 01:25:57]} {[%emt 00:00:02]} Rd8 {[%clk 00:44:51]} {[%emt 00:00:28]}
37. d4 {[%clk 01:25:56]} {[%emt 00:00:31]} Nc5 {[%clk 00:44:07]} {[%emt
00:01:15]} 38. d5 {[%clk 01:25:57]} {[%emt 00:00:29]} b5 {[%clk 00:43:43]}
{[%emt 00:00:54]} 39. cxb5 {[%clk 01:26:17]} {[%emt 00:00:10]} axb5 {[%clk
00:43:38]} {[%emt 00:00:35]} 40. d6 {[%clk 01:26:37]} {[%emt 00:00:10]} Nb7
{[%clk 00:42:32]} {[%emt 00:01:08]} 41. Kg2 {[%clk 01:26:57]} {[%emt 00:00:37]}
Rxd6 {[%clk 00:42:33]} {[%emt 00:00:29]} 42. Rxd6 {[%clk 01:27:16]} {[%emt
00:00:12]} Nxd6 {[%clk 00:42:59]} {[%emt 00:00:04]} 43. Nd2 {[%clk 01:27:40]}
{[%emt 00:00:06]} Kg7 {[%clk 00:42:58]} {[%emt 00:00:31]} 44. Bg1 {[%clk
01:28:00]} {[%emt 00:00:10]} c5 {[%clk 00:42:08]} {[%emt 00:01:21]} 45. f3
{[%clk 01:28:21]} {[%emt 00:00:08]} c4 {[%clk 00:42:31]} {[%emt 00:00:08]} 46.
Bc5 {[%clk 01:28:35]} {[%emt 00:00:15]} c3 {[%clk 00:41:50]} {[%emt 00:01:10]}
47. Nb3 {[%clk 01:27:31]} {[%emt 00:01:35]} Nc4 {[%clk 00:41:03]} {[%emt
00:01:15]} 48. Nc1 {[%clk 01:27:24]} {[%emt 00:00:39]} Nb2 {[%clk 00:40:19]}
{[%emt 00:01:14]} 49. Ne2 {[%clk 01:27:36]} {[%emt 00:00:18]} Nd3 {[%clk
00:40:32]} {[%emt 00:00:18]} 50. Ba3 {[%clk 01:27:46]} {[%emt 00:00:21]} b4
{[%clk 00:39:27]} {[%emt 00:01:35]} 51. Bc1 {[%clk 01:28:00]} {[%emt 00:00:15]}
c2 {[%clk 00:38:57]} {[%emt 00:01:01]} 52. Bd2 {[%clk 01:28:19]} {[%emt
00:00:11]} Kf7 {[%clk 00:38:26]} {[%emt 00:01:01]} 53. Kh3 {[%clk 01:27:59]}
{[%emt 00:00:49]} Kg6 {[%clk 00:34:54]} {[%emt 00:04:02]} 54. Kg4 {[%clk
01:28:15]} {[%emt 00:00:13]} f5+ {[%clk 00:35:13]} {[%emt 00:00:12]} 55. Kh3
{[%clk 01:28:36]} {[%emt 00:00:09]} Kh5 {[%clk 00:35:03]} {[%emt 00:00:40]} 56.
Kg2 {[%clk 01:28:56]} {[%emt 00:00:10]} g4 {[%clk 00:35:10]} {[%emt 00:00:24]}
57. fxg4+ {[%clk 01:28:49]} {[%emt 00:00:36]} Kxg4 {[%clk 00:34:40]} {[%emt
00:00:59]} 58. Kf1 {[%clk 01:29:00]} {[%emt 00:00:19]} f4 {[%clk 00:33:44]}
{[%emt 00:01:26]} 59. Ng1 {[%clk 01:29:19]} {[%emt 00:00:10]} c1=Q+ {[%clk
00:33:54]} {[%emt 00:00:21]} 60. Bxc1 {[%clk 01:29:38]} {[%emt 00:01:32]} Nxc1
{[%clk 00:34:18]} {[%emt 00:00:06]} 61. Kg2 {[%clk 01:29:59]} {[%emt 00:00:08]}
Nxa2 {[%clk 00:34:32]} {[%emt 00:00:17]} 62. Nf3 {[%clk 01:30:21]} {[%emt
00:00:08]} h3+ {[%clk 00:34:09]} {[%emt 00:00:52]} 63. Kf2 {[%clk 01:30:47]}
{[%emt 00:00:04]} e4 {[%clk 00:34:09]} {[%emt 00:00:31]} 64. Ne5+ {[%clk
01:31:11]} {[%emt 00:00:05]} Kf5 {[%clk 00:34:31]} {[%emt 00:00:08]} 65. Nc4
{[%clk 01:31:35]} {[%emt 00:00:06]} e3+ {[%clk 00:34:43]} {[%emt 00:00:18]} 66.
Kf3 {[%clk 01:32:00]} {[%emt 00:00:04]} e2 {[%clk 00:34:10]} {[%emt 00:01:04]}
67. Nd6+ {[%clk 01:32:17]} {[%emt 00:00:13]} Ke6 {[%clk 00:34:33]} {[%emt
00:00:07]} 68. Nf5 {[%clk 01:32:40]} {[%emt 00:00:06]} e1=Q {[%emt 00:00:51]}
69. Kg4 {[%clk 01:32:43]} {[%emt 00:00:26]} Qg1+ {[%clk 00:34:26]} {[%emt
00:00:15]} 70. Kxh3 {[%clk 01:33:01]} {[%emt 00:00:14]} Kxf5 {[%clk 00:34:42]}
{[%emt 00:00:14]} 71. Kh4 {[%clk 01:33:23]} {[%emt 00:00:08]} Qg4+ {[%clk
00:35:07]} {[%emt 00:00:04]} 0-1